Có thể tuyên bố mất tích đối với người đang có lệnh truy nã /
Saved in:
| Main Author: | |
|---|---|
| Format: | Article |
| Language: | Vietnamese |
| Subjects: | |
| Tags: |
Add Tag
No Tags, Be the first to tag this record!
|
| Institutions: | Thư viện Trường Đại học Đà Lạt |
|---|
| LEADER | 00786nam a2200265 4500 | ||
|---|---|---|---|
| 001 | DLU160177896 | ||
| 005 | ##20161130 | ||
| 040 | # | # | |a DLU |b vie |
| 041 | # | # | |a vie |
| 044 | # | # | |a vn |
| 100 | # | # | |a Phạm Thái Quý. |
| 245 | # | # | |a Có thể tuyên bố mất tích đối với người đang có lệnh truy nã / |c Phạm Thái Quý. |
| 653 | # | # | |a Lệnh truy nã |
| 653 | # | # | |a Tội phạm |
| 653 | # | # | |a Tuyên bố mất tích |
| 773 | # | # | |t Tạp chí Tòa án nhân dân |g Số9, 2009, tr. 39-40 |
| 920 | # | # | |a Phòng Tạp chí -- Trung tâm Thông tin - Thư viện Trường Đại học Đà Lạt |
| 994 | # | # | |a DLU |
| 900 | # | # | |a True |
| 911 | # | # | |a Nguyễn Thị Mai Anh |
| 925 | # | # | |a G |
| 926 | # | # | |a A |
| 927 | # | # | |a BB |
| 980 | # | # | |a Thư viện Trường Đại học Đà Lạt |